EL DESARROLLO DE LOS PAISES NUEVOS : AGENDA PARA LAS INVESTIGACIONES /
TRADUCCION DE: DEVELOPMENT OF THE EMERGING COUNTRIES
Na minha lista:
| Outros Autores: | |
|---|---|
| Formato: | Livro |
| Assuntos: | |
| Tags: |
Sem tags, seja o primeiro a adicionar uma tag!
|
MARC
| LEADER | 00000nam^a2200000^a^4500 | ||
|---|---|---|---|
| 001 | 000235816 | ||
| 005 | 20250521000000.0 | ||
| 009 | 20260310104826.8 | ||
| 035 | |a 053222 | ||
| 037 | |a Acervo Xavier Clavigero | ||
| 082 | |a 338. 9 |b DES | ||
| 245 | 1 | 3 | |a EL DESARROLLO DE LOS PAISES NUEVOS : |b AGENDA PARA LAS INVESTIGACIONES / |c ROBERT E. ASHER ... [ET AL.]. ; TR. JULIO CERON AYUSO |
| 264 | |a MEXICO : |b HERRERO HERMANOS, |c 1964 | ||
| 300 | |a 301 p. | ||
| 336 | |a texto |b txt |2 rdacontenido | ||
| 337 | |a sin mediación |b n |2 rdamedio | ||
| 338 | |a volumen |b nc |2 rdasoporte | ||
| 520 | |a TRADUCCION DE: DEVELOPMENT OF THE EMERGING COUNTRIES | ||
| 649 | |a XX | ||
| 650 | |a Desarrollo Económico-Social | ||
| 650 | |a Países Subdesarrollados | ||
| 700 | |a Asher, Robert E. |e (autor) | ||
| 910 | |a Fondo General | ||
| 920 | |a Impresos - Libros | ||
| 930 | |a Colección General | ||
| 905 | |a 101 | ||
| 901 | |a 053222 |b IT1 |c ACC |i 053222 |u 20250521 | ||
| 901 | |a 053099 |b IT1 |c ACC |i 053099 |u 20250521 | ||
| 902 | |a https://opac.biblio.iteso.mx/vufind/Record/000235816 | ||